Skôr prísť nemohol BHS - festival návratov

Bibliographic Details
Other Authors: Ondrejičková, Ivica (Interviewer)
Format: Article
Language:Slovak
PhysicalDescription:Fot. 5.
Subjects:

MARC

LEADER 00000nab a2200000 a 4500
001 vtls000398431
003 SK-MaSNL
005 20260305012446.0
008 160215c1990 xo 0 slo
015 |a SNBRB19rr/mm-uuuuu 
035 |a CL0398555 
040 |a SNKBUCL  |b slo  |c SNKBUCL  |e AACR2 
041 0 |a slo 
044 |a xo  |c SK 
080 |a 78.071.2:788.5  |2 1981 
080 |a 788.5  |2 1981 
080 |a 378.124  |2 1981 
080 |a 78  |2 1981 
080 |a 323.113(430.1=854)  |2 1981 
080 |a 929 Brunner, Vladislav  |2 1981 
100 1 |a Brunner, Vladislav,  |d 1943-  |4 ive  |9 39910 
245 1 0 |a Skôr prísť nemohol  |b BHS - festival návratov  |c Vladislav Brunner ml., Ivica Ondrejičková 
300 |b Fot. 5. 
600 1 7 |a Brunner, Vladislav,  |d 1943-  |2 snkbucl  |9 39910 
650 0 7 |a Slováci v zahraničí  |2 snkbucl  |9 14695 
651 7 |a Nemecko  |2 snkbucl  |9 21020 
655 7 |a rozhovory  |2 snkbucl  |9 31831 
655 7 |a články z novín a časopisov  |2 snkbucl  |9 267496 
700 1 |a Ondrejičková, Ivica  |4 ivr  |9 5324 
773 0 |t Život  |g Roč. 40, č. 45 (1990), s. 10-11 
850 |a Slovenská národná knižnica v Martine  |a MTA001 
852 |a SNK  |b KIS3GCP 
958 |a BX 
958 |a RK 
958 |a DE 
992 |a RBX 
999 |c 3257621  |d 3259551